| 000 | 00691nam a2200229Ia 4500 | ||
|---|---|---|---|
| 003 | OSt | ||
| 005 | 20220918193011.0 | ||
| 006 | a|||||r|||| 00| 0 | ||
| 007 | ta | ||
| 008 | 220917b |||||||| |||| 00| 0 eng d | ||
| 024 | _a71,452 | ||
| 037 | _cTextual | ||
| 040 |
_aARTS _cARTS _beng |
||
| 041 |
_2eng _aeng |
||
| 082 | _aR3xM891, N8 | ||
| 100 | _aWittgenstein L | ||
| 245 | 0 |
_aCulture and value _b a selection from the post humous remains ed by Georg Hennik von Wright and Heikki Nyman rev ed by Alois Pichler |
|
| 260 |
_aOxford _bBlackwell _c1998 |
||
| 300 |
_axix, 141p. _ccm. |
||
| 942 |
_hR3xM891, N8 _cTEXL _2CC |
||
| 999 |
_c197525 _d197525 |
||